000 00856nam a2200229Ii 4500
003 JO-AjNU
008 230605s9999||||xx |||||||||||||| ||und||
017 _a2012/12/4748
020 _a978-9957-92-034-0
040 _aJO-AjNU
_bara
_erda
_cJO-AjNU
041 _aara
050 1 4 _aDS38.14 2013
100 3 _aابراهيم، سفيان ياسين,
_eauthor
_960182
245 0 0 _aتاريخ الإسلام في الشرق
250 _aط1
264 3 1 _aعمان: دار الفكر ناشرون وموزعون، 2013
300 _a216ص
_bيحتوي على رسومات توضيحية ويحتوي على المصادر والمراجع من ص205-215ص
336 _atext
_btxt
_2rdacontent
337 _aunmediated
_bn
_2rdamedia
338 _avolume
_bnc
_2rdacarrier
650 4 _aالتاريخ العربي-البلدان العربية
_960183
999 _aA27124
_c30692
_d30692